00326nam a2200121Ia 4500008004100000041000800041082001200049100002000061245004500081260003400126300003300160365001100193240624s9999 xx 000 0 und d aeng a658 TEN aTENGBLAD STEFAN aWORK OF MANAGERS TOWARDS A PRACTICE THEO c2013aNew DelhibOxford India axviii, : 365 : p. : cm. ; 23 cRSb31